{"text_format":"3","workbook":"xlsx","n_sheets":1,"sheets":["t100"],"read":"whole","date_system":"1900"}

{"sheet":"t100","index":0,"n_rows":208,"n_cols":7,"rows_kept":208,"merged":[[0,0,0,6],[30,0,30,5],[50,0,50,5],[165,0,165,5]]}
["TABELA 100.1 - Estatísticas Agrícolas, Município de Cafelândia, Estado de São Paulo, 2007/08."]
["ITEM","UNIDADE","N.DE UPAs","MÍNIMO","MÉDIO","MÁXIMO","TOTAL"]
["Distância à sede do município","km",694,0.1,{"v":15.67,"d":"15.7"},{"v":46,"d":"46.0"},"-"]
["Área total","hectare",694,0.6,{"v":123.58,"d":"123.6"},{"v":2508.1,"d":"2,508.1"},{"v":85767.81,"d":"85,767.8"}]
["Área com cultura perene","hectare",165,0.1,{"v":39.04,"d":"39.0"},795.8,{"v":6441.2,"d":"6,441.2"}]
["Área com cultura temporária","hectare",365,0.1,{"v":83.47,"d":"83.5"},{"v":1621,"d":"1,621.0"},{"v":30466.3,"d":"30,466.3"}]
["Área com pastagem","hectare",476,0.2,{"v":73.13,"d":"73.1"},{"v":1732.9,"d":"1,732.9"},{"v":34809,"d":"34,809.0"}]
["Área com reflorestamento","hectare",68,0.1,{"v":10.51,"d":"10.5"},{"v":104,"d":"104.0"},714.7]
["Área com vegetação natural","hectare",267,0.1,{"v":26.36,"d":"26.4"},{"v":768,"d":"768.0"},{"v":7039.2,"d":"7,039.2"}]
["Área com vegetação de brejo e várzea","hectare",482,0.1,{"v":8.93,"d":"8.9"},240.4,{"v":4306.3,"d":"4,306.3"}]
["Área em descanso","hectare",62,0.2,{"v":18.18,"d":"18.2"},{"v":363,"d":"363.0"},{"v":1127.4,"d":"1,127.4"}]
["Área complementar","hectare",493,0.1,{"v":1.75,"d":"1.8"},{"v":41,"d":"41.0"},{"v":863.71,"d":"863.7"}]
["Área das UPAs com (0, 1] ha","hectare",8,0.6,{"v":0.88,"d":"0.9"},{"v":1,"d":"1.0"},{"v":7,"d":"7.0"}]
["Área das UPAs com (1, 2] ha","hectare",28,1.1,{"v":1.48,"d":"1.5"},{"v":2,"d":"2.0"},41.5]
["Área das UPAs com (2, 5] ha","hectare",53,2.2,{"v":3.55,"d":"3.6"},{"v":5,"d":"5.0"},188.2]
["Área das UPAs com (5, 10] ha","hectare",48,5.4,7.8,{"v":10,"d":"10.0"},374.3]
["Área das UPAs com (10, 20] ha","hectare",102,10.1,{"v":15.07,"d":"15.1"},19.9,{"v":1537.01,"d":"1,537.0"}]
["Área das UPAs com (20, 50] ha","hectare",145,20.5,{"v":34.14,"d":"34.1"},{"v":50,"d":"50.0"},{"v":4951,"d":"4,951.0"}]
["Área das UPAs com (50, 100] ha","hectare",111,50.8,{"v":71.98,"d":"72.0"},99.2,{"v":7989.3,"d":"7,989.3"}]
["Área das UPAs com (100, 200] ha","hectare",85,100.6,{"v":139.71,"d":"139.7"},190.5,{"v":11875.7,"d":"11,875.7"}]
["Área das UPAs com (200, 500] ha","hectare",74,203.2,{"v":299.73,"d":"299.7"},496.9,{"v":22179.7,"d":"22,179.7"}]
["Área das UPAs com (500, 1.000] ha","hectare",31,512.6,{"v":701.05,"d":"701.1"},948.2,{"v":21732.4,"d":"21,732.4"}]
["Área das UPAs com (1.000, 2.000] ha","hectare",6,{"v":1170.1,"d":"1,170.1"},{"v":1368.02,"d":"1,368.0"},{"v":1754.5,"d":"1,754.5"},{"v":8208.1,"d":"8,208.1"}]
["Área das UPAs com (2.000, 5.000] ha","hectare",3,{"v":2001.4,"d":"2,001.4"},{"v":2227.87,"d":"2,227.9"},{"v":2508.1,"d":"2,508.1"},{"v":6683.6,"d":"6,683.6"}]
["Área das UPAs com (5.000, 10.000] ha","hectare","-","-","-","-","-"]
["Área das UPAs acima de 10.000 ha","hectare","-","-","-","-","-"]
["Familiares do proprietário que trabalham na UPA","unidade",379,{"v":1,"d":"1.0"},1.4,{"v":10,"d":"10.0"},{"v":529,"d":"529.0"}]
["Trabalhadores permanentes","unidade",238,{"v":1,"d":"1.0"},{"v":3.02,"d":"3.0"},{"v":67,"d":"67.0"},{"v":719,"d":"719.0"}]
["Fonte: Secretaria de Agricultura e Abastecimento, CDRS/IEA, Projeto LUPA."]
[]
["TABELA 100.2 - Explorações Animais, Município de Cafelândia, Estado de São Paulo, 2007/08."]
["ITEM","UNIDADE","N.DE UPAs","MÍNIMO","MÉDIO","MÁXIMO","TOTAL"]
["Apicultura","colmeias",1,{"v":8,"d":"8.0"},{"v":8,"d":"8.0"},{"v":8,"d":"8.0"},{"v":8,"d":"8.0"}]
["Asininos E Muares","cabeças",19,{"v":1,"d":"1.0"},{"v":5,"d":"5.0"},{"v":30,"d":"30.0"},{"v":95,"d":"95.0"}]
["Avestruzes e Ema (Criadouro)","cabeças",1,{"v":30,"d":"30.0"},{"v":30,"d":"30.0"},{"v":30,"d":"30.0"},{"v":30,"d":"30.0"}]
["Avicultura de Corte","cabeças/ano",3,{"v":300,"d":"300.0"},{"v":30100,"d":"30,100.0"},{"v":60000,"d":"60,000.0"},{"v":90300,"d":"90,300.0"}]
["Avicultura para Ovos","cabeças",2,{"v":150,"d":"150.0"},{"v":7075,"d":"7,075.0"},{"v":14000,"d":"14,000.0"},{"v":14150,"d":"14,150.0"}]
["Bovinocultura de Corte","cabeças",268,{"v":2,"d":"2.0"},{"v":167.38,"d":"167.4"},{"v":2659,"d":"2,659.0"},{"v":44858,"d":"44,858.0"}]
["Bovinocultura Leiteira","cabeças",46,{"v":1,"d":"1.0"},{"v":35.09,"d":"35.1"},{"v":355,"d":"355.0"},{"v":1614,"d":"1,614.0"}]
["Bovinocultura Mista","cabeças",76,{"v":1,"d":"1.0"},{"v":25.21,"d":"25.2"},{"v":107,"d":"107.0"},{"v":1916,"d":"1,916.0"}]
["Bubalinocultura","cabeças",1,{"v":1,"d":"1.0"},{"v":1,"d":"1.0"},{"v":1,"d":"1.0"},{"v":1,"d":"1.0"}]
["Caprinocultura","cabeças",1,{"v":150,"d":"150.0"},{"v":150,"d":"150.0"},{"v":150,"d":"150.0"},{"v":150,"d":"150.0"}]
["Cunicultura","cabeças",2,{"v":9,"d":"9.0"},10.5,{"v":12,"d":"12.0"},{"v":21,"d":"21.0"}]
["Equinocultura","cabeças",252,{"v":1,"d":"1.0"},{"v":5.79,"d":"5.8"},{"v":90,"d":"90.0"},{"v":1458,"d":"1,458.0"}]
["Ovinocultura","cabeças",30,{"v":1,"d":"1.0"},23.5,{"v":150,"d":"150.0"},{"v":705,"d":"705.0"}]
["Piscicultura","m² tanques",2,{"v":900,"d":"900.0"},{"v":950,"d":"950.0"},{"v":1000,"d":"1,000.0"},{"v":1900,"d":"1,900.0"}]
["Sericicultura","gramas larvas/ano",1,{"v":60,"d":"60.0"},{"v":60,"d":"60.0"},{"v":60,"d":"60.0"},{"v":60,"d":"60.0"}]
["Suinocultura","cabeças",16,{"v":1,"d":"1.0"},{"v":37.81,"d":"37.8"},{"v":300,"d":"300.0"},{"v":605,"d":"605.0"}]
["Fonte: Secretaria de Agricultura e Abastecimento, CDRS/IEA, Projeto LUPA."]
[]
["TABELA 100.3 -  Máquinas, Implementos e Benfeitorias, Município de Cafelândia, Estado de São Paulo, 2007/08."]
["ITEM","UNIDADE","N.DE UPAs","MÍNIMO","MÉDIO","MÁXIMO","TOTAL"]
["Arado Comum (Bacia, Aiveca)","Unidade",152,{"v":1,"d":"1.0"},{"v":1.37,"d":"1.4"},{"v":9,"d":"9.0"},{"v":208,"d":"208.0"}]
["Arado Escarificador","Unidade",16,{"v":1,"d":"1.0"},{"v":1.44,"d":"1.4"},{"v":3,"d":"3.0"},{"v":23,"d":"23.0"}]
["Arado Subsolador","Unidade",21,{"v":1,"d":"1.0"},{"v":1.19,"d":"1.2"},{"v":3,"d":"3.0"},{"v":25,"d":"25.0"}]
["Batedeira de Cereais","Unidade",7,{"v":1,"d":"1.0"},{"v":1.14,"d":"1.1"},{"v":2,"d":"2.0"},{"v":8,"d":"8.0"}]
["Câmara Fria","Unidade",2,{"v":1,"d":"1.0"},1.5,{"v":2,"d":"2.0"},{"v":3,"d":"3.0"}]
["Carregadeira de Cana","Unidade",2,{"v":1,"d":"1.0"},6.5,{"v":12,"d":"12.0"},{"v":13,"d":"13.0"}]
["Colhedeira Acoplada","Unidade",19,{"v":1,"d":"1.0"},{"v":1.16,"d":"1.2"},{"v":2,"d":"2.0"},{"v":22,"d":"22.0"}]
["Colhedeira Automotriz","Unidade",5,{"v":1,"d":"1.0"},1.4,{"v":3,"d":"3.0"},{"v":7,"d":"7.0"}]
["Computador","Unidade",11,{"v":1,"d":"1.0"},{"v":1.36,"d":"1.4"},{"v":3,"d":"3.0"},{"v":15,"d":"15.0"}]
["Conj.Irrigação Autopropelido","Unidade",3,{"v":1,"d":"1.0"},{"v":1.67,"d":"1.7"},{"v":3,"d":"3.0"},{"v":5,"d":"5.0"}]
["Conj.Irrigação Convencional","Unidade",9,{"v":1,"d":"1.0"},{"v":1.11,"d":"1.1"},{"v":2,"d":"2.0"},{"v":10,"d":"10.0"}]
["Conj.Irrigação/Gotejamento/Microaspersão","Unidade",6,{"v":1,"d":"1.0"},{"v":1,"d":"1.0"},{"v":1,"d":"1.0"},{"v":6,"d":"6.0"}]
["Conjunto de Fenação","Unidade",1,{"v":1,"d":"1.0"},{"v":1,"d":"1.0"},{"v":1,"d":"1.0"},{"v":1,"d":"1.0"}]
["Desintegrador de Palha (Plantio Direto)","Unidade",8,{"v":1,"d":"1.0"},{"v":1.75,"d":"1.8"},{"v":5,"d":"5.0"},{"v":14,"d":"14.0"}]
["Desintegrador, Picador, Triturador","Unidade",114,{"v":1,"d":"1.0"},{"v":1.15,"d":"1.2"},{"v":3,"d":"3.0"},{"v":131,"d":"131.0"}]
["Distribuidor de Calcário","Unidade",58,{"v":1,"d":"1.0"},1.4,{"v":8,"d":"8.0"},{"v":81,"d":"81.0"}]
["Ensiladeira","Unidade",21,{"v":1,"d":"1.0"},{"v":1.05,"d":"1.1"},{"v":2,"d":"2.0"},{"v":22,"d":"22.0"}]
["Grade Aradora (Tipo Romi)","Unidade",87,{"v":1,"d":"1.0"},{"v":1.26,"d":"1.3"},{"v":8,"d":"8.0"},{"v":110,"d":"110.0"}]
["Grade Niveladora","Unidade",83,{"v":1,"d":"1.0"},{"v":1.27,"d":"1.3"},{"v":8,"d":"8.0"},{"v":105,"d":"105.0"}]
["Implementos para Tração Animal","Unidade",28,{"v":1,"d":"1.0"},{"v":1.18,"d":"1.2"},{"v":2,"d":"2.0"},{"v":33,"d":"33.0"}]
["Máquina de Classificar Frutas","Unidade",1,{"v":1,"d":"1.0"},{"v":1,"d":"1.0"},{"v":1,"d":"1.0"},{"v":1,"d":"1.0"}]
["Microtrator","Unidade",6,{"v":1,"d":"1.0"},1.5,{"v":3,"d":"3.0"},{"v":9,"d":"9.0"}]
["Misturador de Ração","Unidade",18,{"v":1,"d":"1.0"},{"v":1,"d":"1.0"},{"v":1,"d":"1.0"},{"v":18,"d":"18.0"}]
["Ordenhadeira Mecânica","Unidade",10,{"v":1,"d":"1.0"},1.4,{"v":4,"d":"4.0"},{"v":14,"d":"14.0"}]
["Pulverizador Tratorizado","Unidade",75,{"v":1,"d":"1.0"},{"v":1.87,"d":"1.9"},{"v":12,"d":"12.0"},{"v":140,"d":"140.0"}]
["Resfriador de Leite, Tanque Expansão","Unidade",11,{"v":1,"d":"1.0"},{"v":1.09,"d":"1.1"},{"v":2,"d":"2.0"},{"v":12,"d":"12.0"}]
["Roçadeira Costal","Unidade",11,{"v":1,"d":"1.0"},{"v":1.18,"d":"1.2"},{"v":3,"d":"3.0"},{"v":13,"d":"13.0"}]
["Roçadeira Tratorizada","Unidade",121,{"v":1,"d":"1.0"},{"v":1.44,"d":"1.4"},{"v":10,"d":"10.0"},{"v":174,"d":"174.0"}]
["Semeadeira/Adubadeira para Plantio Convencional","Unidade",48,{"v":1,"d":"1.0"},{"v":1.33,"d":"1.3"},{"v":16,"d":"16.0"},{"v":64,"d":"64.0"}]
["Semeadeira/Plantadeira Plantio Direto","Unidade",4,{"v":1,"d":"1.0"},{"v":1,"d":"1.0"},{"v":1,"d":"1.0"},{"v":4,"d":"4.0"}]
["Terraceador","Unidade",3,{"v":1,"d":"1.0"},{"v":2,"d":"2.0"},{"v":4,"d":"4.0"},{"v":6,"d":"6.0"}]
["Trator de Esteiras","Unidade",2,{"v":1,"d":"1.0"},{"v":2,"d":"2.0"},{"v":3,"d":"3.0"},{"v":4,"d":"4.0"}]
["Trator de Pneus","Unidade",205,{"v":1,"d":"1.0"},{"v":2.03,"d":"2.0"},{"v":42,"d":"42.0"},{"v":416,"d":"416.0"}]
["Açude/Represa","Unidade",184,{"v":1,"d":"1.0"},{"v":2.13,"d":"2.1"},{"v":13,"d":"13.0"},{"v":391,"d":"391.0"}]
["Adega Cantina","Unidade",2,{"v":1,"d":"1.0"},{"v":1,"d":"1.0"},{"v":1,"d":"1.0"},{"v":2,"d":"2.0"}]
["Almoxarifado/Oficina","Unidade",35,{"v":1,"d":"1.0"},{"v":1,"d":"1.0"},{"v":1,"d":"1.0"},{"v":35,"d":"35.0"}]
["Armazém para Grãos Ensacados","Sacas",19,{"v":1,"d":"1.0"},{"v":106.32,"d":"106.3"},{"v":2000,"d":"2,000.0"},{"v":2020,"d":"2,020.0"}]
["Balança para Bovinos","Unidade",22,{"v":1,"d":"1.0"},{"v":1,"d":"1.0"},{"v":1,"d":"1.0"},{"v":22,"d":"22.0"}]
["Balança para Veículos","Unidade",3,{"v":1,"d":"1.0"},{"v":1,"d":"1.0"},{"v":1,"d":"1.0"},{"v":3,"d":"3.0"}]
["Barracão para Bicho da Seda/Sirgaria","Unidade",18,{"v":1,"d":"1.0"},{"v":1.28,"d":"1.3"},{"v":3,"d":"3.0"},{"v":23,"d":"23.0"}]
["Barracão para Granja/Avicultura","Unidade",20,{"v":1,"d":"1.0"},2.6,{"v":10,"d":"10.0"},{"v":52,"d":"52.0"}]
["Barracão/Galpão/Garagem","Unidade",289,{"v":1,"d":"1.0"},{"v":1.41,"d":"1.4"},{"v":9,"d":"9.0"},{"v":408,"d":"408.0"}]
["Biodigestor","Unidade",1,{"v":1,"d":"1.0"},{"v":1,"d":"1.0"},{"v":1,"d":"1.0"},{"v":1,"d":"1.0"}]
["Casa de Moradia Habitada","Unidade",355,{"v":1,"d":"1.0"},{"v":1.91,"d":"1.9"},{"v":16,"d":"16.0"},{"v":677,"d":"677.0"}]
["Casa de Moradia Total","Unidade",437,{"v":1,"d":"1.0"},{"v":2.54,"d":"2.5"},{"v":35,"d":"35.0"},{"v":1112,"d":"1,112.0"}]
["Curral/Mangueira","Unidade",308,{"v":1,"d":"1.0"},{"v":1.12,"d":"1.1"},{"v":9,"d":"9.0"},{"v":344,"d":"344.0"}]
["Depósito/Tulha","Unidade",168,{"v":1,"d":"1.0"},{"v":1.18,"d":"1.2"},{"v":7,"d":"7.0"},{"v":198,"d":"198.0"}]
["Engenho","Unidade",2,{"v":1,"d":"1.0"},{"v":1,"d":"1.0"},{"v":1,"d":"1.0"},{"v":2,"d":"2.0"}]
["Estábulo","Unidade",22,{"v":1,"d":"1.0"},{"v":1.23,"d":"1.2"},{"v":5,"d":"5.0"},{"v":27,"d":"27.0"}]
["Estufa/Plasticultura","m²",5,{"v":1,"d":"1.0"},2.4,{"v":6,"d":"6.0"},{"v":12,"d":"12.0"}]
["Fábrica de Ração","Unidade",13,{"v":1,"d":"1.0"},{"v":1,"d":"1.0"},{"v":1,"d":"1.0"},{"v":13,"d":"13.0"}]
["Instalações para Equinos","Unidade",10,{"v":1,"d":"1.0"},1.4,{"v":4,"d":"4.0"},{"v":14,"d":"14.0"}]
["Máquina de Benefício","Unidade",13,{"v":1,"d":"1.0"},{"v":1,"d":"1.0"},{"v":1,"d":"1.0"},{"v":13,"d":"13.0"}]
["Olaria","Unidade",1,{"v":1,"d":"1.0"},{"v":1,"d":"1.0"},{"v":1,"d":"1.0"},{"v":1,"d":"1.0"}]
["Pocilga","Unidade",22,{"v":1,"d":"1.0"},{"v":3,"d":"3.0"},{"v":15,"d":"15.0"},{"v":66,"d":"66.0"}]
["Poço Semi-Artesiano","Unidade",134,{"v":1,"d":"1.0"},{"v":1.16,"d":"1.2"},{"v":6,"d":"6.0"},{"v":156,"d":"156.0"}]
["Posto Meteorológico","Unidade",1,{"v":1,"d":"1.0"},{"v":1,"d":"1.0"},{"v":1,"d":"1.0"},{"v":1,"d":"1.0"}]
["Secador de Grãos","Unidade",9,{"v":1,"d":"1.0"},{"v":1.11,"d":"1.1"},{"v":2,"d":"2.0"},{"v":10,"d":"10.0"}]
["Silo para Grãos","t",2,{"v":1,"d":"1.0"},1.5,{"v":2,"d":"2.0"},{"v":3,"d":"3.0"}]
["Silo para Silagem","t",6,{"v":1,"d":"1.0"},{"v":251.33,"d":"251.3"},{"v":999,"d":"999.0"},{"v":1508,"d":"1,508.0"}]
["Terreiro","m²",101,{"v":1,"d":"1.0"},{"v":396.04,"d":"396.0"},{"v":2200,"d":"2,200.0"},{"v":40000,"d":"40,000.0"}]
["Usina de Açúcar/destilaria","Unidade",1,{"v":1,"d":"1.0"},{"v":1,"d":"1.0"},{"v":1,"d":"1.0"},{"v":1,"d":"1.0"}]
["Fonte: Secretaria de Agricultura e Abastecimento, CDRS/IEA, Projeto LUPA."]
[]
["TABELA 100.4 - Outras Estatísticas Agrícolas, Município de Cafelândia, Estado de São Paulo, 2007/08."]
["ITEM","Número de UPAs",null,"Percentual"]
["Faz Parte de Associação de Produtores",166,null,{"v":23.9193083573487,"d":"23.9"}]
["Faz Parte de Cooperativa de Produtores",203,null,{"v":29.250720461095103,"d":"29.3"}]
["Faz Parte do Sindicato de Produtores",287,null,{"v":41.35446685878962,"d":"41.4"}]
["Não utiliza assistência técnica ",134,null,{"v":19.30835734870317,"d":"19.3"}]
["Utiliza somente assistência técnica governamental ",389,null,{"v":56.05187319884726,"d":"56.1"}]
["Utiliza somente assistência técnica privada ",12,null,{"v":1.7291066282420748,"d":"1.7"}]
["Utiliza assistência técnica tanto governamental quanto privada",159,null,{"v":22.910662824207492,"d":"22.9"}]
["Utiliza Crédito Rural",129,null,{"v":18.587896253602306,"d":"18.6"}]
["Utiliza Seguro Rural",30,null,{"v":4.322766570605188,"d":"4.3"}]
["Utiliza Escrituração Agrícola",395,null,{"v":56.9164265129683,"d":"56.9"}]
["Acessa Internet p/ Fins na Agropecuária",74,null,{"v":10.662824207492795,"d":"10.7"}]
["Utiliza Computador nas Atividades Agropecuárias",84,null,{"v":12.103746397694524,"d":"12.1"}]
["Utiliza Energia Elétrica Para Uso na Atividade Agrícola",472,null,{"v":68.01152737752162,"d":"68.0"}]
["Realiza Análise de Solo, quando necessário",281,null,{"v":40.48991354466859,"d":"40.5"}]
["Utiliza Práticas de Conservação de Solo, quando necessário",530,null,{"v":76.36887608069165,"d":"76.4"}]
["Faz Adubação Mineral, quando necessário",365,null,{"v":52.59365994236312,"d":"52.6"}]
["Faz Adubação Orgânica, quando necessário",232,null,{"v":33.429394812680115,"d":"33.4"}]
["Faz Adubação Verde, quando necessário",97,null,{"v":13.976945244956774,"d":"14.0"}]
["Utiliza Manejo Integrado de Pragas (MIP)","-",null,"-"]
["Utiliza Hidroponia","-",null,"-"]
["Utiliza Plasticultura",2,null,{"v":0.2881844380403458,"d":"0.3"}]
["Utiliza Mudas Fiscalizadas",100,null,{"v":14.409221902017292,"d":"14.4"}]
["Utiliza Semente Melhorada",162,null,{"v":23.34293948126801,"d":"23.3"}]
["Faz Confinamento de Bovinos",13,null,{"v":1.8731988472622478,"d":"1.9"}]
["Utiliza Pastejo Intensivo",204,null,{"v":29.394812680115276,"d":"29.4"}]
["Faz Inseminação Artificial",11,null,{"v":1.585014409221902,"d":"1.6"}]
["Faz Mineralização do Rebanho",354,null,{"v":51.008645533141205,"d":"51.0"}]
["Faz Vermifugação do Rebanho",352,null,{"v":50.72046109510086,"d":"50.7"}]
["Possui Parceiros /Arrendatários na Exploração Animal",89,null,{"v":12.824207492795388,"d":"12.8"}]
["Esporte e lazer",3,null,{"v":0.43227665706051877,"d":"0.4"}]
["Extração mineral","-",null,"-"]
["Hotel Fazenda, Pousada ou SPA","-",null,"-"]
["Pesque-pague","-",null,"-"]
["Restaurante ou Lanchonete",3,null,{"v":0.43227665706051877,"d":"0.4"}]
["Transformação artesanal","-",null,"-"]
["Turismo rural ou ecoturismo","-",null,"-"]
["Outras atividades econômicas rurais",5,null,{"v":0.7204610951008645,"d":"0.7"}]
["Agroindústria",1,null,{"v":0.1440922190201729,"d":"0.1"}]
["Proprietário sem instrução ou com instrução incompleta",13,null,{"v":1.8731988472622478,"d":"1.9"}]
["Proprietário com antigo primário completo",185,null,{"v":26.657060518731985,"d":"26.7"}]
["Proprietário com 1° grau (ou antigo ginasial) completo",71,null,{"v":10.230547550432275,"d":"10.2"}]
["Proprietário com 2° grau (ou antigo colegial) completo",188,null,{"v":27.089337175792508,"d":"27.1"}]
["Proprietário com curso superior completo ",221,null,{"v":31.844380403458214,"d":"31.8"}]
["Pessoa Jurídica",16,null,{"v":2.3054755043227666,"d":"2.3"}]
["Proprietário residente na própria UPA ",173,null,{"v":24.927953890489917,"d":"24.9"}]
["Fonte: Secretaria de Agricultura e Abastecimento, CDRS/IEA, Projeto LUPA."]
[]
["TABELA 100.5 - Área Cultivada, Município de Cafelândia, Estado de São Paulo, 2007/08."]
["CULTURA","N.DE UPAs","MÍNIMO","MÉDIO","MÁXIMO","TOTAL"]
["Braquiaria",471,0.2,{"v":73.19,"d":"73.2"},{"v":1732.9,"d":"1,732.9"},{"v":34473.4,"d":"34,473.4"}]
["Cana-de-acucar",333,0.1,{"v":88.94,"d":"88.9"},{"v":1621,"d":"1,621.0"},{"v":29616.7,"d":"29,616.7"}]
["Laranja",49,2.4,{"v":110.17,"d":"110.2"},795.8,{"v":5398.5,"d":"5,398.5"}]
["Eucalipto",68,0.1,{"v":10.51,"d":"10.5"},{"v":104,"d":"104.0"},714.7]
["Cafe",39,0.1,{"v":12.19,"d":"12.2"},138.6,475.3]
["Milho",33,0.2,{"v":12.39,"d":"12.4"},67.8,408.9]
["Seringueira",15,{"v":1,"d":"1.0"},{"v":21.45,"d":"21.5"},{"v":126,"d":"126.0"},321.8]
["Capim-napier (ou capim-elefante)",7,0.2,{"v":28.31,"d":"28.3"},193.6,198.2]
["Amendoim",2,72.6,96.8,{"v":121,"d":"121.0"},193.6]
["Melancia",3,21.2,{"v":53.33,"d":"53.3"},114.6,{"v":160,"d":"160.0"}]
["Gramas",31,0.2,{"v":4.43,"d":"4.4"},74.2,137.4]
["Manga",9,{"v":1,"d":"1.0"},{"v":8.38,"d":"8.4"},{"v":16,"d":"16.0"},75.4]
["Pimentao",6,2.4,{"v":7.97,"d":"8.0"},{"v":15,"d":"15.0"},47.8]
["Pomar domestico",66,0.1,{"v":0.72,"d":"0.7"},{"v":2,"d":"2.0"},47.4]
["Fruta-do-conde (ou pinha, ou anona)",7,{"v":1,"d":"1.0"},{"v":5.33,"d":"5.3"},{"v":17,"d":"17.0"},37.3]
["Abacate",9,0.6,{"v":3.66,"d":"3.7"},15.2,32.9]
["Mandioca",5,0.1,{"v":3.76,"d":"3.8"},11.6,18.8]
["Coco-da-baia",4,0.5,{"v":2.88,"d":"2.9"},7.6,11.5]
["Goiaba",1,9.6,9.6,9.6,9.6]
["Amora (ou amora-branca)",4,1.2,{"v":2.18,"d":"2.2"},2.7,8.7]
["Limao",2,2.4,4.2,{"v":6,"d":"6.0"},8.4]
["Palmito",2,2.4,3.7,{"v":5,"d":"5.0"},7.4]
["Macadamia (ou noz-macadamia)",2,{"v":3,"d":"3.0"},{"v":3,"d":"3.0"},{"v":3,"d":"3.0"},{"v":6,"d":"6.0"}]
["Horta domestica",13,0.1,{"v":0.37,"d":"0.4"},1.2,4.8]
["Tangerina",2,1.8,2.1,2.4,4.2]
["Tomate envarado",1,2.5,2.5,2.5,2.5]
["Tomate rasteiro",1,2.4,2.4,2.4,2.4]
["Lichia",1,1.7,1.7,1.7,1.7]
["Caju",1,1.6,1.6,1.6,1.6]
["Maracuja",2,0.1,{"v":0.55,"d":"0.6"},{"v":1,"d":"1.0"},1.1]
["Abacaxi (ou ananas)",1,{"v":1,"d":"1.0"},{"v":1,"d":"1.0"},{"v":1,"d":"1.0"},{"v":1,"d":"1.0"}]
["Alface",1,0.8,0.8,0.8,0.8]
["Acerola (ou cereja-das-antilhas)",1,0.8,0.8,0.8,0.8]
["Pupunha",1,0.6,0.6,0.6,0.6]
["Feijao",1,0.3,0.3,0.3,0.3]
["Cebolinha",1,0.3,0.3,0.3,0.3]
["Couve (ou couve-crespa)",1,0.2,0.2,0.2,0.2]
["Cenoura",1,0.2,0.2,0.2,0.2]
["Chicoria (ou chicoria-de-folha-crespa)",1,0.2,0.2,0.2,0.2]
["Banana",1,0.1,0.1,0.1,0.1]
["Fonte: Secretaria de Agricultura e Abastecimento, CDRS/IEA, Projeto LUPA."]